000
00252nam a2200109Ia 4500
005
20251222154432.0
008
251222s9999||||xx |||||||||||||| ||spa||
082
_a
828.5/D44/1969
100
_a
"Defoe, Daniel"
245
0
_a
Robinson Crusoe
942
_c
LIB
999
_c
36476
_d
36476